000 00517nam a2200169Ia 4500
999 _c20258
_d20258
003 OSt
005 20200624131511.0
008 190216s9999||||xx |||||||||||||| ||und||
020 _a5010016494
040 _coclc
082 _a954.0317
_bMAR/M
100 _aMarx, Karl
_92473
245 0 _aMarx Engels :
_bThe First Indian War Of Independence 1857-1859 /
_cKarl Marx
260 _bProgress Publishers,
_c1988.
_aMoscow:
300 _a206p
942 _cBK
_2ddc
_h954.0317
_iMAR/M
_k954.0317
_mMAR/M